Salt Lake City Int. Destinations (Salt Lake City, UT, USA) - Map - Statistics

General Stats
  • This quiz has been taken 31 times
  • The average score is 81 of 108
Answers on the Map
Answers color-coded by a green-red scale on the quiz's map according to % correct below.
 
Answer Stats
Destination % Correct
Amsterdam
95%
Honolulu
95%
Miami
95%
Albuquerque
90%
Anchorage
90%
Atlanta
90%
Austin
90%
Baltimore
90%
Boston
90%
Calgary
90%
Cancún
90%
Charlotte
90%
Chicago (Midway)
90%
Chicago (O'Hare)
90%
Cincinnati
90%
Cleveland
90%
Dallas/Fort Worth
90%
Dallas (Love)
90%
Denver
90%
Detroit
90%
Edmonton
90%
Houston (Hobby)
90%
Houston (Intercontinental)
90%
Indianapolis
90%
Kansas City
90%
Lima
90%
London (Heathrow)
90%
Memphis
90%
Milwaukee
90%
Minneapolis/St. Paul
90%
Nashville
90%
Newark
90%
New Orleans
90%
New York (JFK)
90%
New York (LaGuardia)
90%
Oklahoma City
90%
Paris (Charles de Gaulle)
90%
Philadelphia
90%
Portland (OR)
90%
San Antonio
90%
Billings
85%
Boise
85%
Columbus (Glenn)
85%
Fort Lauderdale
85%
Fort Myers
85%
Las Vegas
85%
Los Angeles
85%
Mexico City
85%
Phoenix (Sky Harbor)
85%
Raleigh/Durham
85%
Sacramento
85%
San Diego
85%
San Francisco
85%
Seattle/Tacoma
85%
Seoul (Incheon)
85%
St. Louis
85%
Tampa
85%
Toronto (Pearson)
85%
Tucson
85%
Vancouver
85%
Washington (Dulles)
85%
Washington (National)
85%
Fresno
80%
Guadalajara
80%
Little Rock
80%
Long Beach
80%
Monterrey
80%
Omaha
80%
Orlando
80%
Pittsburgh
80%
Reno/Tahoe
80%
San Jose (CA)
80%
San José del Cabo
80%
Tulsa
80%
Colorado Springs
75%
Oakland
75%
Spokane
75%
Bozeman
70%
Eugene
70%
Helena
70%
Ontario
60%
Orange County
60%
Palm Springs
60%
Redmond/Bend
60%
Santa Barbara
60%
Burbank
55%
Grand Junction
55%
Idaho Falls
55%
Missoula
55%
Puerto Vallarta
55%
Jackson Hole
50%
Kahului
45%
St. George (UT)
45%
Butte
40%
Elko
40%
Fayetteville/Bentonville
40%
Glacier Park/Kalispell
40%
Medford
40%
Pocatello
40%
Twin Falls
40%
Great Falls
35%
Cedar City
30%
Lewiston
30%
Sun Valley
30%
West Yellowstone
30%
Kailua-Kona
25%
Tri-Cities (WA)
25%
Scottsdale
20%
No matching quizzes found
Score Distribution
Percent of People with Each Score
Percentile by Number Answered
Your Score History
You have not taken this quiz